LEADER 01258nam--2200349---450- 001 990003653720203316 005 20120420105629.0 010 $a88-87385-16-5 035 $a000365372 035 $aUSA01000365372 035 $a(ALEPH)000365372USA01 035 $a000365372 100 $a20120420d2007----km-y0itay50------ba 101 0 $aita 102 $aIT 105 $a||||||||001yy 200 1 $aEdizioni ebraiche del XVI secolo del Centro bibliografico dell'ebraismo italiano dell'Unione delle comunità ebraiche italiane$ecatalogo$fa cura di Amedeo Spagnoletto 210 $aRoma$cLitos$d2007 215 $a382 p.$d24 cm 300 $aIn testa al frontespizio: Centro bibliografico dell'ebraismo italiano 606 0 $aCinquecentine ebraiche$xCataloghi$2BNCF 676 $a011.0931 700 1$aSPAGNOLETTO,$bAmedeo$0612154 801 0$aIT$bsalbc$gISBD 912 $a990003653720203316 951 $aI.2.C. 300$b231053 L.M.$cI.2.C.$d00309641 959 $aBK 969 $aUMA 979 $aPASSARO$b90$c20120420$lUSA01$h1051 979 $aPASSARO$b90$c20120420$lUSA01$h1056 996 $aEdizioni ebraiche del XVI secolo del Centro bibliografico dell'ebraismo italiano dell'Unione delle comunità ebraiche italiane$91139987 997 $aUNISA LEADER 01252nam a2200313 i 4500 001 991004136349707536 005 20020509154549.0 008 950121s|||| fr ||| | fre 035 $ab11270597-39ule_inst 035 $aPARLA196065$9ExL 040 $aDip.to Scienze dell'Antichità$bita 100 1 $aCicero, Marcus Tullius$082411 245 10$aPour Caelius; Sur les provinces consulaires ; Pour Balbus /$cCicéron ; texte établi et traduit par Jean Cousin 260 $a2. tirage revu et corrig : 300 $aParis :$bLes Belles Lettres, 1969 - 282 p. (paginazione varia) ;$c20 cm. 490 0 $aCollection des Universités de France. Série latine 490 0 $aDiscours ;$v15. 500 $a1Testo latino a fronte 500 $a2Tome 15. di: Discours 700 1 $aCousin, Jean 740 0 $aIn Senatu de provinciis consularibus 740 0 $aPro L. Cornelio Balbo 740 0 $aPro M. Caelio 907 $a.b11270597$b23-02-17$c01-07-02 912 $a991004136349707536 945 $aLE007 I Coll. 4 Cicero 24$g1$i2015000115171$lle007$o-$pE0.00$q-$rl$s- $t0$u0$v0$w0$x0$y.i11433917$z01-07-02 996 $aPro Caelio$919703 997 $aUNISALENTO 998 $ale007$b01-01-95$cm$da $e-$ffre$gfr $h0$i1